Formula 1 general knowledge #4 - Statistics

General Stats
  • This quiz has been taken 131 times
  • The average score is 4 of 10
Answer Stats
Question Answer % Correct
Who finished second in final standings in 2022? Charles Leclerc
76%
In what year was the first F1 sprint? 2021
56%
Which of these countries ever had an F1 driver? Uruguay
55%
What team Ralf Schumacher didn't race for? Bennetton
53%
How many years did McLaren use Renault engines? 3
52%
Who was the last austrian F1 driver? Christian Klien
34%
Who raced for Sauber in 2004? Fisichella and Massa
31%
Who was the first ever Ferrari F1 race winner? José Froilán González
27%
Who of these drivers didn't race for Toyota? Kazuki Nakajima
23%
Which engine did Midland use in 2006? Toyota
16%
No matching quizzes found
Score Distribution
Percent of People with Each Score
Percentile by Number Answered
Your Score History
You have not taken this quiz